LEADER 02765oas 2201021 a 450 001 9910333150903321 005 20251114213013.0 011 $a1558-4534 035 $a(DE-599)ZDB2052105-4 035 $a(DE-599)2052105-4 035 $a(OCoLC)54348387 035 $a(CONSER) 2004262111 035 $a(CKB)110978984565495 035 $a(EXLCZ)99110978984565495 100 $a20040203b19972015 sy a 101 0 $aeng 135 $aurcn||||||||| 181 $ctxt$2rdacontent 182 $cc$2rdamedia 183 $acr$2rdacarrier 200 10$aTechniques in regional anesthesia & pain management 210 $a[Philadelphia, PA] $c[W.B. Saunders Co.] 210 3 $a[New York, N.Y.?] $cElsevier Inc 300 $aRefereed/Peer-reviewed 300 $aIssues have also distinctive titles. 311 08$a1084-208X 517 1 $aTechniques in regional anesthesia and pain management 517 3 $aRegional anesthesia & pain management 531 0 $aTech. reg. anesth. pain manag. 606 $aPain$xTreatment$xMethodology$vPeriodicals 606 $aConduction anesthesia$xMethodology$vPeriodicals 606 $aAnesthesia, Conduction$xmethods 606 $aPain Management 606 $aDouleur$xTraitement$xMe?thodologie$vPe?riodiques 606 $aAnesthe?sie locore?gionale$xMe?thodologie$vPe?riodiques 606 $aPain$xTreatment$2fast$3(OCoLC)fst01050415 608 $aPeriodical. 608 $aPeriodicals.$2fast 608 $aPeriodicals.$2lcgft 615 0$aPain$xTreatment$xMethodology 615 0$aConduction anesthesia$xMethodology 615 02$aAnesthesia, Conduction$xmethods. 615 02$aPain Management. 615 6$aDouleur$xTraitement$xMe?thodologie 615 6$aAnesthe?sie locore?gionale$xMe?thodologie 615 7$aPain$xTreatment. 676 $a617.9 801 0$bCGU 801 1$bCGU 801 2$bOCLCQ 801 2$bOCL 801 2$bOCLCQ 801 2$bNSD 801 2$bKSU 801 2$bOCLCQ 801 2$bAU@ 801 2$bOCLCQ 801 2$bSERSO 801 2$bOCLCQ 801 2$bOPELS 801 2$bOCLCQ 801 2$bZ5A 801 2$bOCLCO 801 2$bOCLCA 801 2$bBUF 801 2$bOCLCF 801 2$bGUA 801 2$bLND 801 2$bFQM 801 2$bOCLCO 801 2$bWYU 801 2$bUKMGB 801 2$bU3W 801 2$bVT2 801 2$bOCLCO 801 2$bBWN 801 2$bOCLCQ 801 2$bOCLCO 801 2$bCASUM 801 2$bOCLCQ 801 2$bAUD 801 2$bUEJ 801 2$bOCLCL 801 2$bOCLCQ 906 $aJOURNAL 912 $a9910333150903321 996 $aTechniques in regional anesthesia & pain management$91902921 997 $aUNINA